| 000 | 00712nam a2200241 a 4500 | ||
|---|---|---|---|
| 001 | 72202 | ||
| 003 | BD-RjUL | ||
| 005 | 20211209082226.0 | ||
| 008 | 170515s1956 nyua 001 0 eng d | ||
| 035 | _a(BD-RjUL)72418 | ||
| 040 |
_aDLC/ICU _cICU _dBD-RjUL _beng |
||
| 041 | _aeng | ||
| 082 | 0 | 0 |
_a539.76 _223 _bCOA 1956 |
| 100 | 1 |
_aCompton, Arthur Holly _d1892-1962. _9213529 |
|
| 245 | 1 | 0 |
_aAtomic Quest : _bA Personal Narrative / _cArthur Holly Compton |
| 260 |
_aNew York : _bOxford University Press, _c1956. |
||
| 300 |
_a370 p. _bill. ; _c21 cm. |
||
| 500 | _aIncludes Index. | ||
| 650 | 0 |
_aNuclear energy _xHistory. _9213530 |
|
| 650 | 0 |
_aAtomic bomb. _9128700 |
|
| 942 |
_2ddc _cBK |
||
| 999 |
_c72202 _d72202 |
||